000 00787nam a22003017a 4500
003 OSt
005 20140331154856.0
008 140331b xxu||||| |||| 00| 0 eng d
020 _a9780590999489
050 _aLB 1049.9
_b.W668s71 1997
245 _aWild lion and the mice :
_ba fable about kindness /
_ca retelling by Adrianne Betz.
260 _aUSA :
_bScholastic Inc.,
_cc1997.
300 _a15 p. :
_bcol. ill. ;
_c14 cm.
521 _aG1
526 _c200
650 _aReaders (Primary)
650 _aReading
_xPhonetic method.
650 _aKindness
_xJuvenile literature.
942 _2lcc
_cBK
999 _c48810
_d48810